Uncontrollable beauty: (Record no. 7)

MARC details
000 -LEADER
campo de control de longitud fija 02908aam a2200361 a 4500
001 - NÚMERO DE CONTROL
campo de control 2161184
003 - IDENTIFICADOR DE NÚMERO DE CONTROL
campo de control 000035
005 - FECHA Y HORA DE LA ÚLTIMA TRANSACCIÓN
campo de control 20220326193245.0
008 - DATOS DE LONGITUD FIJA--INFORMACIÓN GENERAL
campo de control de longitud fija 980327s1998 nyu b 001 0 eng d
010 ## - NÚMERO DE CONTROL DE LA BIBLIOTECA DEL CONGRESO
Número de control de LC 98070100
020 ## - NÚMERO INTERNACIONAL ESTÁNDAR DEL LIBRO
Número Internacional Estándar del Libro 1880559900
035 ## - NÚMERO DE CONTROL DEL SISTEMA
Número de control de sistema (OCoLC)38963416
035 ## - NÚMERO DE CONTROL DEL SISTEMA
Número de control de sistema (NNC)2161184
040 ## - FUENTE DE CATALOGACIÓN
Centro catalogador/agencia de origen CL
Centro/agencia transcriptor CL
Centro/agencia modificador DLC
-- OrLoB-B
042 ## - CÓDIGO DE AUTENTICACIÓN
Código de autenticación lccopycat
050 00 - SIGNATURA TOPOGRÁFICA DE LA BIBLIOTECA DEL CONGRESO
Número de clasificación BH201
Número de ítem .U53 1998
082 00 - NÚMERO DE LA CLASIFICACIÓN DECIMAL DEWEY
Número de clasificación 111/.85
Número de ítem B397u
Número de edición 21
100 ## - ENTRADA PRINCIPAL--NOMBRE DE PERSONA
Nombre de persona Beckley, Bill
9 (RLIN) 6939
245 00 - MENCIÓN DEL TÍTULO
Título Uncontrollable beauty:
Resto del título towards a new aesthetics /
Mención de responsabilidad, etc. edited by Bill Beckley with David Shapiro.
260 ## - PUBLICACIÓN, DISTRIBUCIÓN, ETC.
Lugar de publicación, distribución, etc. New York :
Nombre del editor, distribuidor, etc. Allworth Press :
-- School of Visual Arts,
Fecha de publicación, distribución, etc. c1998.
300 ## - DESCRIPCIÓN FÍSICA
Extensión xxiv, 423 p. ;
Dimensiones 24 cm.
490 1# - MENCIÓN DE SERIE
Mención de serie Aesthetics today
504 ## - NOTA DE BIBLIOGRAFÍA, ETC.
Nota de bibliografía, etc. Includes bibliographical references and index.
505 00 - NOTA DE CONTENIDO CON FORMATO
Título Introduction: Generosity and the Black Swan /
Mención de responsabilidad Bill Beckley --
Título Preface /
Mención de responsabilidad David Shapiro --
Título Le Livre est sur la table /
Mención de responsabilidad John Ashbery --
Título On Perfection, Coherence, and Unity of Form and Content /
Mención de responsabilidad Meyer Schapiro --
Título Enter the Dragon: On the Vernacular of Beauty /
Mención de responsabilidad Dave Hickey --
Título Beauty and Morality /
Mención de responsabilidad Arthur C. Danto --
Título Beauty and the Contemporary Sublime /
Mención de responsabilidad Jeremy Gilbert-Rolfe --
Título Notes on Beauty /
Mención de responsabilidad Peter Schjeldahl --
Título Contratemplates /
Mención de responsabilidad Marjorie Welish --
Título A Sign of Beauty /
Mención de responsabilidad Robert C. Morgan --
Título On Platonic Cosmetics /
Mención de responsabilidad Jacqueline Lichtenstein --
Título Freud with Kant? The Enigma of Pleasure /
Mención de responsabilidad Hubert Damisch --
Título Arousal by Image /
Mención de responsabilidad David Freedberg --
Título Doctor Lawyer Indian Chief: "Primitivism" in Twentieth-Century Art at the Museum of Modern Art in 1984 /
Mención de responsabilidad Thomas McEvilley --
Título On "Doctor Lawyer Indian Chief: 'Primitivism' in Twentieth-Century Art at the Museum of Modern Art in 1984" /
Mención de responsabilidad William Rubin, Kirk Varnedoe and Thomas McEvilley --
505 80 - NOTA DE CONTENIDO CON FORMATO
Título On "Doctor Lawyer Indian Chief": Part II /
Mención de responsabilidad William Rubin and Thomas McEvilley --
Título On the Claims and Critics of the "Primitivism" Show /
Mención de responsabilidad Kirk Varnedoe --
Título The Practice of Beauty /
Mención de responsabilidad James Hillman --
Título Ode to Willem de Kooning /
Mención de responsabilidad Frank O'Hara --
Título Venus Unveiled: De Kooning's Melodrama of Vulgarity /
Mención de responsabilidad Donald Kuspit --
Título The Mind and Body of the Dreamer /
Mención de responsabilidad John Yau --
Título Mondrian's Secret /
Mención de responsabilidad David Shapiro --
Título A Conversation between Julia Kristeva and Ariane Lopez-Huici /
Mención de responsabilidad Julia Kristeva and Ariane Lopez-Huici --
Título Sunday Afternoons: A Conversation and a Remark on Beauty /
Mención de responsabilidad Louise Bourgeois --
Título Sentences on the House and Other Sentences /
Mención de responsabilidad John Hejduk --
Título Aunts /
Mención de responsabilidad Max Fierst --
Título On Beauty /
Mención de responsabilidad Kenneth Koch --
Título An Aesthetic of the Cool /
Mención de responsabilidad Robert Farris Thompson --
Título The Violet Hour: An Essay on Beauty /
Mención de responsabilidad Carter Ratcliff --
Título Beauty Is the Mystery of Life /
Mención de responsabilidad Agnes Martin.
650 #0 - PUNTO DE ACCESO ADICIONAL DE MATERIA--TÉRMINO DE MATERIA
Término de materia o nombre geográfico como elemento de entrada Aesthetics, Modern
Subdivisión cronológica 20th century.
9 (RLIN) 13
650 #0 - PUNTO DE ACCESO ADICIONAL DE MATERIA--TÉRMINO DE MATERIA
Término de materia o nombre geográfico como elemento de entrada Art criticism.
9 (RLIN) 14
700 1# - ENTRADA AGREGADA--NOMBRE PERSONAL
Nombre de persona Beckley, Bill,
Fechas asociadas al nombre 1946-
9 (RLIN) 15
700 1# - ENTRADA AGREGADA--NOMBRE PERSONAL
Nombre de persona Shapiro, David,
Fechas asociadas al nombre 1947-
9 (RLIN) 16
800 ## - PUNTO DE ACCESO ADICIONAL DE SERIE--NOMBRE DE PERSONA
Nombre de persona Shapiro, David
9 (RLIN) 6940
830 #0 - PUNTO DE ACCESO ADICIONAL DE SERIE-TÍTULO UNIFORME
Título uniforme Aesthetics today.
9 (RLIN) 17
900 ## - ELEMENTOS DE DATOS A LOCAL, LDA (RLIN)
Numeración TOC
Holdings
Estatus retirado Estado de pérdida Fuente del sistema de clasificación o colocación Estado de daño No para préstamo Biblioteca de origen Biblioteca actual Ubicación en estantería Fecha de adquisición Total de préstamos Signatura topográfica completa Código de barras Visto por última vez Fecha del último préstamo Precio de reemplazo Tipo de ítem Koha
    Clasificación Decimal Dewey     Biblioteca LadoV Biblioteca LadoV   12/02/2014 1 111/.85 B397u 000035 10/04/2019 13/03/2019 12/02/2014 Material 01